000 00576nam a2200169Ia 4500
008 180921t2019 xxu||||| |||| 00| 0 sin d
041 _asin
080 _a8-31
_bඇන්ඩ්‍රි
100 _aඇන්ඩ්‍රිස්, වර්ජිනියා
245 _aසහෝදරියෝ
260 _bපහන් ප්‍රකාශන
_aකොළඹ
_c2019
300 _aසෙ.මි.21, පි.328
700 _aචිත්‍රා අයි. පෙරේරා
_eපරි.
942 _cBK
999 _c12318
_d12318
003 LK-CoDNM
040 _aLK-CoDNM
_dLK-CoDNM
_eLK-CoDNM